| 000 | 00995nam a22002175i 4500 | ||
|---|---|---|---|
| 001 | 153702 | ||
| 003 | ES-MaACL | ||
| 005 | 20230906205341.0 | ||
| 008 | 990701s1887 sp |||| | spa d | ||
| 080 | _a378.6(460.27 M.):630(073) | ||
| 110 | 2 |
_aEscuela Especial de Ingenieros de Montes (Madrid) _93567 |
|
| 245 | 1 | 0 | _aProgramas de las asignaturas que constituyen la enseñanza en la Escuela Especial de Ingenieros de Montes. |
| 260 |
_aMadrid : _b[s.n.], _c1887 ( _fImp. de Moreno y Rojas) |
||
| 300 |
_a102 p. ; _c24 cm. |
||
| 530 | _aDisponible en formato digital. | ||
| 597 | _aPort. con esc. del Cuerpo de Ingenieros de Montes. | ||
| 610 | 2 | 4 |
_aEscuela Especial de Ingenieros de Montes (Madrid)- _vProgramas de estudio. _9143795 |
| 650 | 4 |
_aIngenieros de montes- _zEspaña. _9142745 |
|
| 852 |
_aES-MaACL _jG-9536(2) _z- Enc. hol. _z- Forma parte de la col. facticia "Varios sobre montes" |
||
| 856 |
_uhttp://bdh-rd.bne.es/viewer.vm?id=0000126381&page=1 _zBiblioteca Digital Hispánica |
||
| 999 |
_c153702 _d153702 |
||